Logo BPK

Biblioteka

Politechniki Koszalińskiej

Właściwości wytrzymałościowe i odkształceniowe skał. (Rekord nr 35047)

Szczegóły MARC
000 -ETYKIETA REKORDU
podpole kontrolne o stałej długości 01140nam a2200265 i 4500
001 - NUMER KONTROLNY REKORDU
pole kontrolne bg
020 ## - MIĘDZYNARODOWY ZNORMALIZOWANY NUMER KSIĄŻKI - ISBN
ISBN 8390353350 (t.4)
020 ## - MIĘDZYNARODOWY ZNORMALIZOWANY NUMER KSIĄŻKI - ISBN
ISBN 8390353318 (całość)
040 ## - ŹRÓDŁO KATALOGOWANIA
Instytucja, która utworzyła rekord BPK
041 0# - KOD JĘZYKA
Kod języka tekstu pl
080 ## - UNIWERSALNA KLASYFIKACJA DZIESIĘTNA - UKD
UKD 550.8:552.3](438)
920 ## - Międzynarodowy znormalizowany numer książki – ISBN
ISBN 83-903533-5-0 (t.4)
920 ## - Międzynarodowy znormalizowany numer książki – ISBN
ISBN 83-903533-1-8 (całość)
008 - POLE O STAŁEJ DŁUGOŚCI - DANE KONTROLNE
podpole kontrolne o stałej długości s pl f |000 0 pol
245 00 - TYTUŁ/ODPOWIEDZIALNOŚĆ
Tytuł Właściwości wytrzymałościowe i odkształceniowe skał.
Oznaczenie części/sekcji dzieła Cz.2,
Tytuł części/sekcji dzieła Skały magmowe, osadowe i metamorficzne regionu Sudetów :
Ciąg dalszy tytułu objaśnienia i interpretacja.
Oznaczenie części/sekcji dzieła T. 4 /
Pozostałe elementy strefy tytułu i oznaczenia odpowiedzialności oprac. i red. nauk. Joanna Pinińska ; Zakład Geomechaniki Instytutu Hydrogeologii i Geologii Inżynierskiej Wydziału Geologii Uniwersytetu Warszawskiego.
260 ## - STREFA ADRESU WYDAWNICZEGO
Miejsce wydania Warszawa :
Nazwa wydawcy/dystrybutora [UW],
Data publikacji, dystrybucji/powstania dokumentu 1997.
300 ## - STREFA OPISU FIZYCZNEGO
Objętość 295, [5] k.tabl. :
Inne cechy fizyczne fot. kolor., wykr. ;
Rozmiary 24 cm.
504 ## - UWAGA DOTYCZĄCA BIBLIOGRAFII
Informacje o bibliografii Bibliogr.
650 #9 - HASŁO PRZEDMIOTOWE W FORMIE NAZWY OGÓLNEJ LUB JEDNOSTKOWEJ
Nazwa ogólna lub geograficzna Skały
Określnik ogólny fizyka
-- badanie
-- metody
650 #9 - HASŁO PRZEDMIOTOWE W FORMIE NAZWY OGÓLNEJ LUB JEDNOSTKOWEJ
Nazwa ogólna lub geograficzna Skały magmowe
Określnik ogólny geologia
Określnik geograficzny Polska
651 #9 - HASŁO PRZEDMIOTOWE W FORMIE NAZWY GEOGRAFICZNEJ
Nazwa geograficzna Sudety
Określnik ogólny geologia
700 1# - HASŁO DODATKOWE - NAZWA OSOBOWA
Nazwa osobowa PINIŃSKA, Joanna.
Określenie związku między hasłem a opisywanym materiałem Oprac.
710 ## - HASŁO DODATKOWE - NAZWA CIAŁA ZBIOROWEGO
Nazwa ciała zbiorowego lub jednostki geograficznej Uniwersytet Warszawski
Nazwa jednostki podrzędnej Wydział Geologii
-- Instytut Hydrogeologii i Geologii Inżynierskiej
-- Zakład Geomechaniki
856 ## - LOKALIZACJA I DOSTĘP DO ELEKTRONICZNYCH DOKUMENTÓW ZDALNYCH
Link (URL) http://koha.tu.koszalin.pl/cgi-bin/koha/opac-detail.pl?biblionumber=35047
Tekst linku Katalog online BPK
942 ## - DODATKOWE ELEMENTY (KOHA)
Typ dokumentu Katalog
Egzemplarze
Wycofany Status egzemplarza Uszkodzony Dostępność Lokalizacja stała Lokalizacja bieżąca Miejsce przechowywania Sygnatura Kod kreskowy Typ dokumentu Numer ubytku
      Dostępny Biblioteka Politechniki Koszalińskiej Biblioteka Politechniki Koszalińskiej Wypożyczalnia BG KC 3228 01892192 Katalog  
  Egz. niedostępny   Niedostępny Biblioteka Politechniki Koszalińskiej Biblioteka Politechniki Koszalińskiej   KC 3229 01892185 Katalog 2929
© 2023 Biblioteka Politechniki Koszalińskiej :: KOHA